01176nam a2200277Ia 4500001000900000003000500009005001700014007000300031008004100034040001800075245007500093260003200168300006100200336002700261337002700288338002800315500002200343502009500365504002800460505022400488650005800712650002100770650004900791650001500840700004300855dia_3798CHAP20250730131648.0ta220117s2007 mx deo fr 001 0 spa d cCHAPamxchpua10aViña de Liceaga /ccolaboradores Andrés Flores Catarino...[et al.] aMéxico :bEl autor,c2007 a51 hojas :bgráficas, diagramas, tablas, fotos, planos 2rdacontentatextobtxt 2rdamediaasin mediobn 2rdacarrieravolumenbnc a7° año Grupo 4 aViaje de Estudios b(EIUPA) -- cUACh. Departamento de Ingeniería Agroindustrial, c2007 aBibliografía: hoja 50 a4 planos -- 1. Plano de distribución de áreas (Esc. 1:150) -- 2. Plano de distribución de equipo (Esc. 1:150) -- 3. Diagrama de flujo de proceso vinícola -- 4. Plano de instalación eléctrica (Esc. 1:200)10aIndustria del vinozMéxicozBaja California Norte 13aVinificación 10aWine industryzMexicozBaja California Norte13aWinemaking1 aFlores Catarino, Andrésecolaborador